00341nam a22001457a 4500003000400000005001700004008004100021020001800062040000700080082001100087100002100098245003900119260002900158300000800187OSt20210827142740.0210827b |||||||| |||| 00| 0 eng d a0-387-98218-3 chu a519.53 aJAMES K. LINDSEY aApplying Generalized Linear Models aNew YorkbSpringerc1997 a256